Central Library and Information Centre
Sibsagar Girls' College, Sivasagar : Assam

TOPOISHA JIBANAR KOKHOSTI SISOLOT UMANATH SARMAH (Record no. 9585)

MARC details
000 -LEADER
fixed length control field 00429cam a2200169ua 4500
008 - FIXED-LENGTH DATA ELEMENTS--GENERAL INFORMATION
fixed length control field 120528n II |||gr||||Z||||||asm
040 ## - CATALOGING SOURCE
Original cataloging agency MAIN
041 ## - LANGUAGE CODE
-- English
082 ## - DEWEY DECIMAL CLASSIFICATION NUMBER
Classification number 089 SAT
100 ## - MAIN ENTRY--PERSONAL NAME
Personal name SATRIYA SOBHAPATITO.
245 ## - TITLE STATEMENT
Title TOPOISHA JIBANAR KOKHOSTI SISOLOT UMANATH SARMAH
260 ## - PUBLICATION, DISTRIBUTION, ETC.
Place of publication, distribution, etc. [s.l]:
Name of publisher, distributor, etc. SANJEEB SABHAPANI,
Date of publication, distribution, etc. 1999.
300 ## - PHYSICAL DESCRIPTION
Extent 274.
942 ## - ADDED ENTRY ELEMENTS (KOHA)
Koha item type Books
653 ## - INDEX TERM--UNCONTROLLED
Uncontrolled term Collections in other languages
Holdings
Withdrawn status Lost status Damaged status Not for loan Collection code Home library Current library Shelving location Date acquired Full call number Barcode Date last seen Copy number Price effective from Koha item type
        TBSOC Central Library and Information Centre Sibsagar Girls College Central Library and Information Centre Sibsagar Girls College Location Not Found 21.07.2000 089 SAT 16562 27.02.2020 1 27.02.2020 Books


Sibsagar Girl's College © 2020. All rights reserved.
Powered by Koha.
Maintained by Abhijit Borpuzari.